المخدرات والمجتمع: (Record no. 14925)
[ view plain ]
| 000 -الفاتح | |
|---|---|
| حقل البيانات ثابتة الطول | 00757nam a22001817a 4500 |
| 008 - عناصر البيانات ثابتة الطول - معلومات عامة | |
| حقل البيانات ثابتة الطول | 110119s1996 ku|||||r|||| 000 0 ara d |
| 082 ## - رقم تصنيف ديوى العشرى | |
| رقم التصنيف | 613.83 |
| رقم المادة | س و ي |
| 100 ## - المدخل الرئيسى - إسم شخصى | |
| 9 (RLIN) | 22079 |
| الإسم الشخصى | سويف ، مصطفى |
| 245 ## - بيان العنوان | |
| العنوان | المخدرات والمجتمع: |
| بقية العنوان | نظرة تكاملية / |
| بيان المسئوليه,etc | تأليف مصطفى سويف |
| 260 ## - PUBLICATION, DISTRIBUTION, ETC. (IMPRINT) | |
| مكان الناشر او الموزع | الكويت : |
| اسم الناشر او الموزع | المجلس الوطني للثقافة والفنون والآداب ،1996 |
| تاريخ النشر أو التوزيع | 1996 |
| 300 ## - الوصف المادى | |
| التعداد | 268 ص: |
| تفاصيل ماديه اخرى للوعاء | أيض ؛ |
| أبعاد الوعاء | 22 سم |
| 504 ## - تبصرة ببليوجرافية | |
| تبصرة ببليوجرافية,الخ | ببليوجرافية :ص257-268 |
| 541 ## - تبصرة المصدر المباشر للتزويد | |
| مصدر التزويد | د. باسم احمد ؛ |
| طريقة التزويد | إهداء ؛ |
| 650 ## - المدخل الاضافى بالموضوع-مصطلح موضوعى | |
| 9 (RLIN) | 22080 |
| مصطلح موضوعي أو اسم جغرافي كعنصر مدخل | المخدرات والشباب |
| 650 ## - المدخل الاضافى بالموضوع-مصطلح موضوعى | |
| 9 (RLIN) | 15241 |
| مصطلح موضوعي أو اسم جغرافي كعنصر مدخل | المشاكل الاجتماعية |
| 650 ## - المدخل الاضافى بالموضوع-مصطلح موضوعى | |
| 9 (RLIN) | 22082 |
| مصطلح موضوعي أو اسم جغرافي كعنصر مدخل | إدمان المخدرات |
| 942 ## - عناصر المدخل الإضافي( كوها) | |
| مصدر التصنيف او مخطط الترفيف | Dewey Decimal Classification |
| Koha [default] item type | Book - Borrowing |
| حالة التراجع | حالة الفقد | مصدر التصنيف او خطة الترفيف | حالة تلف | ليس للاعارة | مجموعات كوها | المكان الدائم | المكان الحالي | موقع الترفيف | تاريخ الاكتساب | Source of acquisition | رقم الاستدعاء | الباركود | Date last seen | مُعار | نوع الوعاء |
|---|---|---|---|---|---|---|---|---|---|---|---|---|---|---|---|
| Dewey Decimal Classification | Central Library | Central Library | First floor | 19/01/2011 | Donation | 613.83 س و ي | 000022760 | 15/07/2025 | 10/03/2011 | Book - Borrowing |